[Event "Pan-Am Intercoll."]
[Site "Burlingame USA"]
[Date "2018.12.29"]
[Round "4"]
[White "Preotu, Razvan"]
[Black "Durarbayli, Vasif"]
[Result "0-1"]
[WhiteElo "2524"]
[BlackElo "2620"]
[WhiteFideId "-1"]
[WhiteFideId "-1"]
[PlyCount "90"]
[GameId "2129404762116968"]
[EventDate "2018.12.28"]
[EventType "team"]
[EventRounds "6"]
[EventCountry "USA"]
[SourceTitle "10 Days #565"]
[Source "ChessMix"]
[SourceDate "2019.01.01"]
[SourceVersion "1"]
[SourceVersionDate "2019.01.01"]
[SourceQuality "1"]
[TimeControl "5400+30"]

1. e4 {[%emt 0:00:00]} e5 {[%emt 0:00:00]} 2. Nf3 {[%emt 0:00:00]} Nc6 {[%emt 0:00:00]} 3. Bb5 {[%emt 0:00:00]} Nf6 {[%emt 0:00:00]} 4. d3 {[%emt 0:01:05]} d6 {[%emt 0:01:03]} 5. c4 {[%emt 0:03:28]} Be7 {[%emt 0:02:33]} 6. Nc3 {[%emt 0:00:22]} O-O {[%emt 0:00:11]} 7. h3 {[%emt 0:05:31]} Nd4 {[%emt 0:10:08]} 8. Nxd4 {[%emt 0:01:20]} exd4 {[%emt 0:00:05]} 9. Ne2 {[%emt 0:01:39]} c6 {[%emt 0:00:40]} 10. Ba4 {[%emt 0:00:05]} d5 {[%emt 0:00:05]} 11. cxd5 {[%emt 0:01:04]} Qa5+ {[%emt 0:07:01]} 12. Bd2 {[%emt 0:09:17]} Bb4 {[%emt 0:00:22]} 13. Bb3 {[%emt 0:00:21]} cxd5 {[%emt 0:01:22]} 14. f3 {[%emt 0:01:02]} dxe4 {[%emt 0:02:04]} 15. dxe4 {[%emt 0:07:02]} Be6 {[%emt 0:11:35]} 16. Bxb4 {[%emt 0:04:29]} Qxb4+ {[%emt 0:00:06]} 17. Qd2 {[%emt 0:00:06]} Qb6 {[%emt 0:01:47]} 18. Bxe6 {[%emt 0:02:41]} fxe6 {[%emt 0:02:42]} 19. Qxd4 {[%emt 0:02:33]} Qa6 {[%emt 0:05:52]} 20. Rd1 {[%emt 0:15:35]} Rad8 {[%emt 0:06:07]} 21. Qxd8 {[%emt 0:00:41]} Rxd8 {[%emt 0:00:06]} 22. Rxd8+ {[%emt 0:00:07]} Kf7 {[%emt 0:00:03]} 23. Rd2 {[%emt 0:04:45]} Qxa2 {[%emt 0:01:50]} 24. O-O {[%emt 0:00:18]} Qa5 {[%emt 0:00:41]} 25. Nc3 {[%emt 0:04:00]} Qc5+ {[%emt 0:01:16]} 26. Rff2 {[%emt 0:03:39]} b5 {[%emt 0:01:52]} 27. g4 {[%emt 0:05:58]} b4 {[%emt 0:02:25]} 28. Ne2 {[%emt 0:02:35]} h5 {[%emt 0:01:47]} 29. Ng3 {[%emt 0:00:20]} h4 {[%emt 0:00:45]} 30. Nf1 {[%emt 0:00:11]} Ke7 {[%emt 0:05:34]} 31. Rc2 {[%emt 0:00:25]} Qb6 {[%emt 0:00:50]} 32. Kg2 {[%emt 0:09:17]} Nd7 {[%emt 0:00:28]} 33. Rfd2 {[%emt 0:03:45]} g5 {[%emt 0:03:17]} 34. Rc8 {[%emt 0:09:09]} Ne5 {[%emt 0:00:06]} 35. Rg8 {[%emt 0:00:22]} Kf6 {[%emt 0:00:54]} 36. Re8 {[%emt 0:01:49]} Ng6 {[%emt 0:04:37]} 37. e5+ {[%emt 0:00:13]} Kxe5 {[%emt 0:00:10]} 38. Re2+ {[%emt 0:00:16]} Kf6 {[%emt 0:00:04]} 39. R8xe6+ {[%emt 0:00:31]} Qxe6 {[%emt 0:00:12]} 40. Rxe6+ {[%emt 0:00:06]} Kxe6 {[%emt 0:00:02]} 41. Nd2 {[%emt 0:00:17]} Nf4+ {[%emt 0:00:08]} 42. Kf2 {[%emt 0:02:11]} Nxh3+ {[%emt 0:00:42]} 43. Ke3 {[%emt 0:00:06]} Kd5 {[%emt 0:00:31]} 44. b3 {[%emt 0:00:26]} Nf4 {[%emt 0:00:46]} 45. Ne4 {[%emt 0:01:00]} h3 {[%emt 0:01:05] Kd4+ [%emt 00:00:45] Ke5+} 0-1

[Event "UT Dallas Fall op"]
[Site "Dallas USA"]
[Date "2018.11.17"]
[Round "2.8"]
[White "Preotu, Razvan"]
[Black "Hilby, Craig"]
[Result "0-1"]
[WhiteElo "2524"]
[BlackElo "2445"]
[WhiteFideId "-1"]
[WhiteFideId "-1"]
[PlyCount "52"]
[GameId "2130307614154042"]
[EventDate "2018.11.16"]
[EventType "swiss"]
[EventRounds "9"]
[EventCountry "USA"]
[SourceTitle "10 Days #562"]
[Source "ChessMix"]
[SourceDate "2018.12.01"]
[SourceVersion "1"]
[SourceVersionDate "2018.12.01"]
[SourceQuality "1"]

1. e4 e5 2. Nf3 Nc6 3. Bb5 a6 4. Ba4 d6 5. c3 f5 6. exf5 Bxf5 7. O-O Bd3 8. Re1 Be7 9. Qb3 b5 10. Qd5 Qd7 11. Qxd3 bxa4 12. Qc2 Nf6 13. d3 O-O 14. Nbd2 Nd5 15. Qxa4 Nf4 16. Nf1 Nxg2 17. Kxg2 Rxf3 18. Be3 Raf8 19. Kh1 d5 20. Rac1 Kh8 21. Re2 R8f6 22. Ng3 Qh3 23. Qd1 h5 24. Qg1 h4 25. Nh5 Rf7 26. Qg6 R3f5 0-1

[Event "UT Dallas Fall op"]
[Site "Dallas USA"]
[Date "2018.11.17"]
[Round "3.15"]
[White "Kretchetov, Alexandre"]
[Black "Preotu, Razvan"]
[Result "0-1"]
[WhiteElo "2205"]
[BlackElo "2524"]
[WhiteFideId "-1"]
[WhiteFideId "-1"]
[PlyCount "86"]
[GameId "2130307614154066"]
[EventDate "2018.11.16"]
[EventType "swiss"]
[EventRounds "9"]
[EventCountry "USA"]
[SourceTitle "10 Days #562"]
[Source "ChessMix"]
[SourceDate "2018.12.01"]
[SourceVersion "1"]
[SourceVersionDate "2018.12.01"]
[SourceQuality "1"]

1. Nf3 Nf6 2. c4 e6 3. Nc3 b6 4. g3 Bb7 5. Bg2 g6 6. O-O Bg7 7. d4 Ne4 8. Nxe4 Bxe4 9. Be3 d6 10. Qd2 h6 11. Rfd1 Nd7 12. Ne1 Bxg2 13. Nxg2 Qe7 14. Rac1 a5 15. Rc2 Nf6 16. f3 Rd8 17. a3 a4 18. Qc1 Nd7 19. Rcd2 O-O 20. Qc2 Ra8 21. Bf2 c6 22. Nf4 Rfc8 23. Nd3 c5 24. dxc5 bxc5 25. Nc1 Ra6 26. Na2 Ne5 27. h3 Rb8 28. f4 Nc6 29. Nc3 Nd4 30. Bxd4 cxd4 31. Ne4 Rc8 32. Qd3 Rb6 33. c5 dxc5 34. Qc4 Qb7 35. Nf2 Rxb2 36. Nd3 Rb3 37. Rc1 Rxa3 38. Rb2 Qe4 39. Qa6 Ra8 40. Qb7 Qxb7 41. Rxb7 Rc3 42. Rcb1 c4 43. Ne5 Bxe5 0-1

[Event "UT Dallas Fall op"]
[Site "Dallas USA"]
[Date "2018.11.18"]
[Round "4.9"]
[White "Preotu, Razvan"]
[Black "Kambrath, Yannick"]
[Result "1-0"]
[WhiteElo "2524"]
[BlackElo "2336"]
[WhiteFideId "-1"]
[WhiteFideId "-1"]
[PlyCount "125"]
[GameId "2130307614154078"]
[EventDate "2018.11.16"]
[EventType "swiss"]
[EventRounds "9"]
[EventCountry "USA"]
[SourceTitle "10 Days #562"]
[Source "ChessMix"]
[SourceDate "2018.12.01"]
[SourceVersion "1"]
[SourceVersionDate "2018.12.01"]
[SourceQuality "1"]

1. e4 c5 2. Nf3 d6 3. d4 cxd4 4. Nxd4 Nf6 5. Nc3 a6 6. Be3 e5 7. Nb3 Be6 8. f3 h5 9. Qd2 Nbd7 10. O-O-O Be7 11. Kb1 Rc8 12. f4 b5 13. Bd3 Qc7 14. h3 h4 15. Qf2 exf4 16. Bxf4 Nh5 17. Bh2 Bf6 18. Bxb5 Ng3 19. Bxd7+ Qxd7 20. Rhe1 Be5 21. Qd2 Rxc3 22. bxc3 Qc7 23. Kb2 a5 24. a4 O-O 25. Bg1 Rb8 26. Bd4 Qb7 27. Rb1 Nxe4 28. Qe3 f5 29. Ka3 Qc7 30. Nd2 Rxb1 31. Rxb1 Nxd2 32. Qxd2 Qc4 33. Rb3 Qf1 34. Rb8+ Kh7 35. Kb2 Bf4 36. Be3 Be5 37. Qf2 Qc4 38. Bd4 Bg3 39. Qf3 Kg6 40. Qe3 Bf7 41. Rh8 Qa2+ 42. Kc1 Qa1+ 43. Kd2 Qf1 44. Qf3 Qxf3 45. gxf3 Bd5 46. Ke2 Bc6 47. Bf2 Bxa4 48. Bxg3 hxg3 49. f4 Bxc2 50. Rd8 Kh5 51. Kf3 g2 52. Kxg2 d5 53. Kg3 Bb3 54. Rh8+ Kg6 55. Ra8 a4 56. Kh4 Kh6 57. Ra6+ g6 58. Ra5 Bc4 59. Rxa4 Bb3 60. Ra8 Bc4 61. Rb8 Bf1 62. Rh8+ Kg7 63. Rd8 1-0

[Event "UT Dallas Fall op"]
[Site "Dallas USA"]
[Date "2018.11.18"]
[Round "5.5"]
[White "Drozdowski, Kacper"]
[Black "Preotu, Razvan"]
[Result "1/2-1/2"]
[WhiteElo "2476"]
[BlackElo "2524"]
[WhiteFideId "-1"]
[WhiteFideId "-1"]
[PlyCount "43"]
[GameId "2130307614158188"]
[EventDate "2018.11.16"]
[EventType "swiss"]
[EventRounds "9"]
[EventCountry "USA"]
[SourceTitle "10 Days #562"]
[Source "ChessMix"]
[SourceDate "2018.12.01"]
[SourceVersion "1"]
[SourceVersionDate "2018.12.01"]
[SourceQuality "1"]

1. Nf3 c5 2. c4 Nc6 3. d4 cxd4 4. Nxd4 Nf6 5. Nc3 e6 6. a3 Bc5 7. Nb3 Be7 8. e4 d6 9. Be2 O-O 10. O-O b6 11. Be3 Bb7 12. Rc1 Ne5 13. Nd2 d5 14. cxd5 exd5 15. Bd4 Nc6 16. Bxf6 Bxf6 17. exd5 Ne7 18. Nde4 Bxc3 19. Nxc3 Nxd5 20. Nxd5 Qxd5 21. Qxd5 Bxd5 22. Rfd1 1/2-1/2

[Event "UT Dallas Fall op"]
[Site "Dallas USA"]
[Date "2018.11.19"]
[Round "6.5"]
[White "Preotu, Razvan"]
[Black "Stremavicius, Titas"]
[Result "1/2-1/2"]
[WhiteElo "2524"]
[BlackElo "2465"]
[WhiteFideId "-1"]
[WhiteFideId "-1"]
[PlyCount "56"]
[GameId "2130307614158204"]
[EventDate "2018.11.16"]
[EventType "swiss"]
[EventRounds "9"]
[EventCountry "USA"]
[SourceTitle "10 Days #562"]
[Source "ChessMix"]
[SourceDate "2018.12.01"]
[SourceVersion "1"]
[SourceVersionDate "2018.12.01"]
[SourceQuality "1"]

1. e4 d6 2. d4 Nf6 3. Nc3 g6 4. Nf3 Bg7 5. Be2 O-O 6. O-O c6 7. h3 Qc7 8. Be3 e5 9. dxe5 dxe5 10. Qc1 Nh5 11. Rd1 Nf4 12. Bf1 Nd7 13. a4 Re8 14. g3 Ne6 15. Bc4 Nd4 16. Nxd4 exd4 17. Bxd4 Bxd4 18. Rxd4 Ne5 19. Be2 Bxh3 20. Qd2 h5 21. f4 Ng4 22. e5 Red8 23. Rd1 Qb6 24. Ne4 Rxd4 25. Qxd4 Ne3 26. Nf6+ Kg7 27. Qxb6 axb6 28. Rd2 Rxa4 1/2-1/2

[Event "UT Dallas Fall op"]
[Site "Dallas USA"]
[Date "2018.11.20"]
[Round "7.4"]
[White "Nakar, Eylon"]
[Black "Preotu, Razvan"]
[Result "0-1"]
[WhiteElo "2456"]
[BlackElo "2524"]
[WhiteFideId "-1"]
[WhiteFideId "-1"]
[PlyCount "64"]
[GameId "2130307614158220"]
[EventDate "2018.11.16"]
[EventType "swiss"]
[EventRounds "9"]
[EventCountry "USA"]
[SourceTitle "10 Days #562"]
[Source "ChessMix"]
[SourceDate "2018.12.01"]
[SourceVersion "1"]
[SourceVersionDate "2018.12.01"]
[SourceQuality "1"]

1. e4 c5 2. Nf3 d6 3. d4 cxd4 4. Nxd4 Nf6 5. Nc3 a6 6. Bg5 Nbd7 7. Qe2 b5 8. f4 e5 9. fxe5 dxe5 10. O-O-O Qb6 11. Nd5 Nxd5 12. exd5 Qg6 13. h4 Bd6 14. Nc6 h6 15. Bd2 O-O 16. h5 Qh7 17. g4 Re8 18. g5 hxg5 19. Bxg5 f6 20. Be3 f5 21. h6 Nf6 22. Bg2 g6 23. Bg5 Qf7 24. c4 bxc4 25. Qxc4 Kh7 26. Kb1 Ng4 27. Rhf1 f4 28. Qd3 Bf5 29. Be4 Ne3 30. Rde1 Nxf1 31. Rxf1 Bxe4 32. Qxe4 Qf5 0-1

[Event "UT Dallas Fall op"]
[Site "Dallas USA"]
[Date "2018.11.20"]
[Round "8.2"]
[White "Preotu, Razvan"]
[Black "Reshef, Omer"]
[Result "1/2-1/2"]
[WhiteElo "2524"]
[BlackElo "2484"]
[WhiteFideId "-1"]
[WhiteFideId "-1"]
[PlyCount "73"]
[GameId "2130307614158235"]
[EventDate "2018.11.16"]
[EventType "swiss"]
[EventRounds "9"]
[EventCountry "USA"]
[SourceTitle "10 Days #562"]
[Source "ChessMix"]
[SourceDate "2018.12.01"]
[SourceVersion "1"]
[SourceVersionDate "2018.12.01"]
[SourceQuality "1"]

1. e4 e5 2. Nf3 Nf6 3. Nxe5 d6 4. Nf3 Nxe4 5. Nc3 Nxc3 6. dxc3 Nc6 7. Be3 Be7 8. Bc4 Be6 9. Bxe6 fxe6 10. Nd4 Nxd4 11. Bxd4 O-O 12. Qg4 e5 13. Be3 Qc8 14. Qe4 c6 15. c4 Qf5 16. Qxf5 Rxf5 17. Ke2 Kf7 18. Rhd1 Ke6 19. Rd3 Rf7 20. a4 Bf6 21. Rad1 Rd7 22. g4 h6 23. f3 a6 24. c3 Bg5 25. Kf2 Rf8 26. Kg3 Bf4+ 27. Bxf4 Rxf4 28. b3 d5 29. Re1 Rdf7 30. cxd5+ cxd5 31. Rde3 Kd6 32. h4 g5 33. hxg5 hxg5 34. Rd3 Ke6 35. Rde3 Kd6 36. Rd3 Ke6 37. Rde3 1/2-1/2

[Event "UT Dallas Fall op"]
[Site "Dallas USA"]
[Date "2018.11.21"]
[Round "9.3"]
[White "Kovalyov, Anton"]
[Black "Preotu, Razvan"]
[Result "1-0"]
[WhiteElo "2631"]
[BlackElo "2524"]
[WhiteFideId "-1"]
[WhiteFideId "-1"]
[PlyCount "143"]
[GameId "2130307614158254"]
[EventDate "2018.11.16"]
[EventType "swiss"]
[EventRounds "9"]
[EventCountry "USA"]
[SourceTitle "10 Days #562"]
[Source "ChessMix"]
[SourceDate "2018.12.01"]
[SourceVersion "1"]
[SourceVersionDate "2018.12.01"]
[SourceQuality "1"]

1. c4 Nf6 2. Nf3 e6 3. Nc3 d5 4. e3 c6 5. d4 Bd6 6. Qc2 O-O 7. b3 Nbd7 8. Be2 e5 9. Bb2 Re8 10. h3 e4 11. Nd2 Nf8 12. cxd5 cxd5 13. Nb5 Bb8 14. Rc1 Ne6 15. b4 a6 16. Nc3 Bd6 17. Qb3 Nc7 18. a4 b6 19. b5 a5 20. Ba3 Ne6 21. Bxd6 Qxd6 22. Ndb1 Nf8 23. Qa3 Qe6 24. Bd1 Ng6 25. Ne2 Bb7 26. Rc7 Rab8 27. h4 Rec8 28. Rc3 h6 29. h5 Nf8 30. Ng3 N8h7 31. Kd2 Ne8 32. Ne2 Nhf6 33. Nf4 Qd7 34. Bb3 Rxc3 35. Nxc3 Nc7 36. Rc1 Rd8 37. Nce2 Kh7 38. Rc3 g5 39. hxg6+ fxg6 40. Qc1 Nce8 41. Qh1 Qd6 42. Bc2 Qb4 43. Ne6 Rc8 44. Qb1 Rxc3 45. Nxc3 Bc8 46. Nf4 Qxb1 47. Bxb1 Bb7 48. Ne6 Bc8 49. Nf4 Bb7 50. f3 Nc7 51. fxe4 dxe4 52. Ba2 g5 53. Ne6 Nce8 54. Nd8 Nd6 55. Be6 Kg6 56. Nc6 g4 57. Ne5+ Kg5 58. Ne2 Bd5 59. Nf4 Bxe6 60. Nxe6+ Kf5 61. Nf4 h5 62. g3 Kg5 63. Ke2 Kf5 64. Kf2 Kg5 65. Ne6+ Kf5 66. Nc7 Kg5 67. Ne6+ Kf5 68. Nf4 Kg5 69. Kg2 Kf5 70. Kg1 Kg5 71. Kf2 Kf5 72. Ke2 1-0

[Event "Texas Collegiate Final"]
[Site "Lubbock USA"]
[Date "2018.10.21"]
[Round "4.1"]
[White "Preotu, Razvan"]
[Black "Matsenko, Sergei"]
[Result "1/2-1/2"]
[WhiteElo "2520"]
[BlackElo "2530"]
[WhiteFideId "-1"]
[WhiteFideId "-1"]
[PlyCount "159"]
[GameId "2130307614951581"]
[EventDate "2018.10.20"]
[EventType "team"]
[EventRounds "4"]
[EventCountry "USA"]
[SourceTitle "10 Days #559"]
[Source "ChessMix"]
[SourceDate "2018.11.01"]
[SourceVersion "1"]
[SourceVersionDate "2018.11.01"]
[SourceQuality "1"]
[WhiteTeam "UTD-A"]
[BlackTeam "TTU-A"]

1. e4 e6 2. d4 d5 3. Nc3 Bb4 4. e5 c5 5. a3 Bxc3+ 6. bxc3 Qc7 7. Qg4 f6 8. Nf3 Nc6 9. Bb5 Qf7 10. a4 Bd7 11. Ba3 c4 12. Qf4 Nge7 13. Bxe7 Qxe7 14. Bxc6 Bxc6 15. h4 a5 16. h5 f5 17. h6 g6 18. Qg5 Qd7 19. Kd2 Rf8 20. Rhb1 Rf7 21. Rb6 f4 22. Nh2 Rf5 23. Qh4 Qd8 24. Qxd8+ Kxd8 25. Ng4 Kc7 26. Rbb1 Rg5 27. f3 Rf8 28. Rh1 Rgf5 29. Nf6 Rf7 30. Rh4 Kd8 31. Rg4 Ke7 32. Rh1 R7xf6 33. exf6+ Kxf6 34. Rb1 g5 35. g3 fxg3 36. Rxg3 Rf4 37. Rbg1 Rh4 38. Rxg5 Rxh6 39. R5g2 Rh3 40. Rg3 Rxg3 41. Rxg3 h5 42. Rg8 Bxa4 43. Ra8 b6 44. Ra6 h4 45. Rxb6 Be8 46. Rb8 Bh5 47. Ke3 h3 48. Kf2 h2 49. Kg2 Bxf3+ 50. Kxh2 Be4 51. Rb2 Bg6 52. Ra2 a4 53. Rxa4 Bxc2 54. Ra2 Be4 55. Rf2+ Bf5 56. Rf4 e5 57. dxe5+ Kxe5 58. Rd4 Be4 59. Kg3 Kf5 60. Kf2 Kf4 61. Ke2 Kf5 62. Ke3 Ke5 63. Rd2 Bb1 64. Rh2 Bg6 65. Rg2 Bf5 66. Rg5 Kf6 67. Kf4 Be4 68. Rg1 Ke6 69. Ra1 Kd6 70. Ra6+ Kc5 71. Ke5 Bf3 72. Ra8 Bg2 73. Rc8+ Kb6 74. Kd6 Kb7 75. Rg8 Be4 76. Rh8 Bf3 77. Rh2 Be4 78. Rb2+ Kc8 79. Rb5 Bf3 80. Rxd5 1/2-1/2

[Event "Olympiad"]
[Site "Batumi GEO"]
[Date "2018.09.26"]
[Round "3.2"]
[White "Harikrishna, Pentala"]
[Black "Preotu, Razvan"]
[Result "1-0"]
[WhiteElo "2743"]
[BlackElo "2513"]
[WhiteFideId "-1"]
[WhiteFideId "-1"]
[PlyCount "65"]
[GameId "2130307615600352"]
[EventDate "2018.09.24"]
[EventType "team"]
[EventRounds "11"]
[EventCountry "GEO"]
[SourceTitle "10 Days #557"]
[Source "ChessMix"]
[SourceDate "2018.10.10"]
[SourceVersion "1"]
[SourceVersionDate "2018.10.10"]
[SourceQuality "1"]
[WhiteTeam "India"]
[BlackTeam "Canada"]
[WhiteTeamCountry "IND"]
[BlackTeamCountry "CAN"]

1. Nf3 c5 2. e4 d6 3. d4 cxd4 4. Qxd4 Nc6 5. Qe3 Nf6 6. Be2 Bg4 7. O-O e6 8. Rd1 Qb8 9. c4 Be7 10. Nc3 O-O 11. b3 Bd8 12. Na4 d5 13. h3 Bh5 14. g4 Bg6 15. e5 Ne4 16. Ba3 Be7 17. cxd5 exd5 18. Bxe7 Nxe7 19. Nc5 Rd8 20. Rac1 Nc6 21. Na6 Qc8 22. Nd4 Nxd4 23. Rxd4 bxa6 24. Rxc8 Raxc8 25. Bxa6 Rc3 26. Qe1 Rxh3 27. Qa5 Rf8 28. Rxd5 h5 29. Bf1 Rc3 30. Rd8 Rc8 31. Rxf8+ Rxf8 32. gxh5 Bxh5 33. e6 1-0

[Event "Olympiad"]
[Site "Batumi GEO"]
[Date "2018.09.27"]
[Round "4.2"]
[White "Preotu, Razvan"]
[Black "Rios Filho, Hilton Carlos"]
[Result "1-0"]
[WhiteElo "2513"]
[BlackElo "2465"]
[WhiteFideId "-1"]
[WhiteFideId "-1"]
[PlyCount "57"]
[GameId "2130307615613003"]
[EventDate "2018.09.24"]
[EventType "team"]
[EventRounds "11"]
[EventCountry "GEO"]
[SourceTitle "10 Days #557"]
[Source "ChessMix"]
[SourceDate "2018.10.10"]
[SourceVersion "1"]
[SourceVersionDate "2018.10.10"]
[SourceQuality "1"]
[WhiteTeam "Canada"]
[BlackTeam "Colombia"]
[WhiteTeamCountry "CAN"]
[BlackTeamCountry "COL"]

1. e4 c5 2. Nf3 e6 3. d4 cxd4 4. Nxd4 a6 5. Nc3 Qc7 6. Bd3 Nc6 7. Nxc6 dxc6 8. O-O e5 9. f4 Nf6 10. Qf3 Bd6 11. Qg3 Nh5 12. Qg5 g6 13. f5 b5 14. Be3 Bb7 15. Rad1 Nf4 16. Bxb5 cxb5 17. Qf6 Bc5 18. Qxh8+ Ke7 19. Qxh7 Bxe3+ 20. Kh1 Rf8 21. Rf3 Bb6 22. fxg6 Nxg6 23. Rdf1 Qc4 24. Qg7 Bd4 25. b3 Qe6 26. Rf6 Bxc3 27. Rxe6+ Kxe6 28. Rf6+ Ke7 29. Rxg6 1-0

[Event "Olympiad"]
[Site "Batumi GEO"]
[Date "2018.09.28"]
[Round "5.2"]
[White "Preotu, Razvan"]
[Black "Blagojevic, Dragisa"]
[Result "1/2-1/2"]
[WhiteElo "2513"]
[BlackElo "2476"]
[WhiteFideId "-1"]
[WhiteFideId "-1"]
[PlyCount "90"]
[GameId "2130307615629711"]
[EventDate "2018.09.24"]
[EventType "team"]
[EventRounds "11"]
[EventCountry "GEO"]
[SourceTitle "10 Days #557"]
[Source "ChessMix"]
[SourceDate "2018.10.10"]
[SourceVersion "1"]
[SourceVersionDate "2018.10.10"]
[SourceQuality "1"]
[WhiteTeam "Canada"]
[BlackTeam "Montenegro"]
[WhiteTeamCountry "CAN"]
[BlackTeamCountry "MNE"]

1. e4 e5 2. Nf3 Nc6 3. Bb5 a6 4. Ba4 Nf6 5. O-O Be7 6. Re1 b5 7. Bb3 d6 8. c3 O-O 9. h3 Nd7 10. d4 Bb7 11. Nbd2 exd4 12. cxd4 Nb4 13. Nf1 c5 14. a3 Nc6 15. d5 Nce5 16. Nxe5 Nxe5 17. Ng3 Re8 18. Nf5 Bf8 19. Bc2 Bc8 20. Re3 Bxf5 21. exf5 Be7 22. Re4 Bf6 23. Rb1 Nd7 24. Rxe8+ Qxe8 25. Bf4 Be5 26. Be3 Qe7 27. Qd2 h6 28. Qa5 Nf6 29. Qb6 Qe8 30. Qc6 Qxc6 31. dxc6 Rc8 32. f4 Bd4 33. Bxd4 cxd4 34. Rd1 Rxc6 35. Bb3 h5 36. g3 Kf8 37. Rxd4 Ke7 38. Kg2 Rc5 39. Bd1 Rxf5 40. b4 Rd5 41. Rxd5 Nxd5 42. Bxh5 Ne3+ 43. Kf2 Nc2 44. Bf3 Nxa3 45. Bb7 Nc2 1/2-1/2

[Event "Olympiad"]
[Site "Batumi GEO"]
[Date "2018.09.30"]
[Round "6.2"]
[White "Mchedlishvili, Mikheil"]
[Black "Preotu, Razvan"]
[Result "0-1"]
[WhiteElo "2607"]
[BlackElo "2513"]
[WhiteFideId "-1"]
[WhiteFideId "-1"]
[PlyCount "72"]
[GameId "2130307615642321"]
[EventDate "2018.09.24"]
[EventType "team"]
[EventRounds "11"]
[EventCountry "GEO"]
[SourceTitle "10 Days #557"]
[Source "ChessMix"]
[SourceDate "2018.10.10"]
[SourceVersion "1"]
[SourceVersionDate "2018.10.10"]
[SourceQuality "1"]
[WhiteTeam "Georgia 1"]
[BlackTeam "Canada"]
[BlackTeamCountry "CAN"]

1. e4 c5 2. Nf3 d6 3. d4 cxd4 4. Nxd4 Nf6 5. Nc3 a6 6. f3 e5 7. Nb3 Be6 8. Be3 Be7 9. Qd2 O-O 10. O-O-O Nbd7 11. g4 b5 12. g5 Nh5 13. Nd5 Bxd5 14. exd5 f6 15. h4 fxg5 16. hxg5 Rxf3 17. Rxh5 Rxe3 18. Qxe3 g6 19. Bd3 gxh5 20. Kb1 Bxg5 21. Rg1 h6 22. Nd2 Kh8 23. Qf3 Qf6 24. Qh3 Nc5 25. Rf1 Qe7 26. Ne4 Nxd3 27. cxd3 h4 28. a3 a5 29. Qg4 b4 30. a4 b3 31. Qd1 Bf4 32. Rh1 Qd7 33. Qxb3 h3 34. Qc2 h2 35. Qf2 Qh3 36. Qe2 Rg8 0-1

[Event "Olympiad"]
[Site "Batumi GEO"]
[Date "2018.10.01"]
[Round "7.2"]
[White "Preotu, Razvan"]
[Black "Nguyen, Ngoc Truong Son"]
[Result "0-1"]
[WhiteElo "2513"]
[BlackElo "2620"]
[WhiteFideId "-1"]
[WhiteFideId "-1"]
[PlyCount "120"]
[GameId "2130307615659035"]
[EventDate "2018.09.24"]
[EventType "team"]
[EventRounds "11"]
[EventCountry "GEO"]
[SourceTitle "10 Days #557"]
[Source "ChessMix"]
[SourceDate "2018.10.10"]
[SourceVersion "1"]
[SourceVersionDate "2018.10.10"]
[SourceQuality "1"]
[WhiteTeam "Canada"]
[BlackTeam "Vietnam"]
[WhiteTeamCountry "CAN"]
[BlackTeamCountry "VIE"]

1. e4 c5 2. Nf3 d6 3. d4 cxd4 4. Nxd4 Nf6 5. Nc3 a6 6. Be2 e5 7. Nf3 Be7 8. Bg5 Nbd7 9. a4 Qc7 10. Nd2 h6 11. Bxf6 Nxf6 12. Nc4 Be6 13. Qd3 Rc8 14. Ne3 Qb6 15. Rb1 Qd4 16. O-O Bd8 17. Nf5 Bxf5 18. exf5 Qxd3 19. cxd3 Bb6 20. Bf3 Rc7 21. Rfc1 Ke7 22. a5 Bxa5 23. b4 Rhc8 24. bxa5 Rxc3 25. Rxb7+ Ke8 26. Re1 Ra3 27. Rb6 Rxa5 28. Bb7 Rc7 29. Rxa6 Rxa6 30. Bxa6 Ra7 31. Bb5+ Kd8 32. h3 Ra5 33. Bc6 Ra3 34. Re3 Kc7 35. Bf3 Kb6 36. g4 Rc3 37. Kg2 Kc5 38. h4 g5 39. fxg6 fxg6 40. Re1 Rxd3 41. Rc1+ Kd4 42. Rc6 e4 43. Rxd6+ Nd5 44. Be2 Ke5 45. Ra6 Nf4+ 46. Kf1 Rd2 47. Ra5+ Kd6 48. Ra6+ Kc5 49. Rf6 Nxe2 50. Ke1 Ra2 51. Rxg6 Nf4 52. Rf6 Ng2+ 53. Kf1 Nxh4 54. Rxh6 Nf3 55. Rf6 Ra1+ 56. Kg2 Rg1+ 57. Kh3 Kd4 58. Rd6+ Ke5 59. Rd8 Ng5+ 60. Kh4 Nh7 0-1

[Event "Olympiad"]
[Site "Batumi GEO"]
[Date "2018.10.02"]
[Round "8.1"]
[White "Preotu, Razvan"]
[Black "Georgiev, Kiril"]
[Result "0-1"]
[WhiteElo "2513"]
[BlackElo "2590"]
[WhiteFideId "-1"]
[WhiteFideId "-1"]
[PlyCount "152"]
[GameId "2130307615671617"]
[EventDate "2018.09.24"]
[EventType "team"]
[EventRounds "11"]
[EventCountry "GEO"]
[SourceTitle "10 Days #557"]
[Source "ChessMix"]
[SourceDate "2018.10.10"]
[SourceVersion "1"]
[SourceVersionDate "2018.10.10"]
[SourceQuality "1"]
[WhiteTeam "Canada"]
[BlackTeam "FYROM"]
[WhiteTeamCountry "CAN"]

1. e4 e5 2. Nf3 Nc6 3. Bb5 Nf6 4. d3 Bc5 5. c3 d6 6. d4 exd4 7. cxd4 Bb4+ 8. Bd2 Bxd2+ 9. Nbxd2 Bd7 10. O-O O-O 11. Re1 Ne7 12. Bd3 Ng6 13. Qb3 b6 14. d5 c6 15. dxc6 Bxc6 16. Nd4 Bb7 17. Rad1 Ne5 18. Bb1 Re8 19. Nf1 Ng6 20. Nb5 d5 21. Qg3 Re5 22. exd5 Rxe1 23. Rxe1 Bxd5 24. Rd1 Qf8 25. Qc7 Rc8 26. Qd6 a6 27. Qxf8+ Nxf8 28. Nc3 Be6 29. Ne3 N8d7 30. f4 h5 31. Bd3 Nc5 32. Be2 g6 33. Bf3 b5 34. a3 Kf8 35. h3 Ke7 36. g4 hxg4 37. hxg4 Bb3 38. Rd2 Rd8 39. Re2 Kf8 40. g5 Nh5 41. Bxh5 gxh5 42. Nf5 Be6 43. Ng3 h4 44. Nge4 Nd3 45. Rh2 h3 46. Rd2 Ke7 47. Ne2 Bg4 48. Kh2 Bxe2 49. Rxe2 Nxf4 50. Rf2 Ne6 51. Kxh3 Rd4 52. Ng3 Nxg5+ 53. Kg2 Rd3 54. Nf5+ Kd7 55. Ng7 Kc6 56. Kf1 Rf3 57. Rxf3 Nxf3 58. Ke2 Nd4+ 59. Kd3 Kd5 60. Ne8 Ne6 61. Nf6+ Ke5 62. Nd7+ Kd6 63. Nf6 Ke5 64. Nd7+ Kf4 65. Nb8 Nc7 66. Kd4 f5 67. Nd7 Kg5 68. Kc5 f4 69. Ne5 Kf5 70. Nf3 Ke4 71. Nh2 Kd3 72. Kb6 Kc2 73. b4 Kb3 74. Kxc7 Kxa3 75. Kb6 Kxb4 76. Kxa6 Ka4 0-1